|
|
|
|
| LEADER |
00000naa a2200000uu 4500 |
| 001 |
vtls010931990 |
| 003 |
SK-MaSNL |
| 005 |
20260302122339.0 |
| 008 |
210910|2013 xo |||||||||||||||||eng| |
| 015 |
|
|
|a SNBRA
|
| 035 |
|
|
|a (urnnbn)urn:nbn:sk:snk:ar-a0b4ki
|
| 035 |
|
|
|a (uuid)81eccda8-a38a-4139-bfb8-2e8dd244d758
|
| 035 |
|
|
|a urn:nbn:sk:snk-aatx22
|
| 040 |
|
|
|a SNKBUCL
|b slo
|c SNKBUCL
|e AACR2
|
| 041 |
0 |
|
|a eng
|
| 044 |
|
|
|a xo
|c SK
|
| 100 |
1 |
|
|a Mečiarová, Ľudmila,
|d 1989-
|4 aut
|9 207857
|
| 245 |
1 |
0 |
|a THE CURRENT KNOWLEDGE OF MEASUREMENT OF VOLATILE ORGANIC COMPOUNDS IN INDOOR ENVIRONMENT
|c Ľudmila Mečiarová, Silvia Vilčeková
|
| 700 |
1 |
|
|a Vilčeková, Silvia,
|d 1973-
|4 aut
|9 210927
|
| 773 |
0 |
|
|t Indoor Climate of Buildings 2013
|d Bratislava : Slovak Society of Environmental Technology, 2014, 2013
|g S. 25-33
|z 9788089216598
|
| 958 |
|
|
|a OND
|
| 958 |
|
|
|a article11
|
| 958 |
|
|
|a chapter
|
| 999 |
|
|
|c 1277521
|d 1279451
|